000 00720cab a2200217 4500
001 WB2524-27
008 090401t1989 xxu||||| |||| 00| 0 eng d
035 _a(Sirsi) u62187
041 _aeng
245 _aSmith v Bush: effect on business property
260 _c1989
350 _a0
490 _aChartered Surveyor Weekly
_v vol 27 no 12 22/6/89 p92-93
520 _aExamines the relevance of the two recent cases Smith v Bush and Harris v Wyre Forest DC (Abstract 40850) to valuers of commercial property .
650 _aABOUT RICS-RICS MEMBERS
650 _aNEGLIGENCE
650 _aValuation
_96273
690 _aMANAGEMENT-BUSINESS MANAGEMENT-PROFESSIONAL PRACTICE
942 _n0
948 _c04/03/1997
999 _c38635
_d38635